[Event "Samara op"]
[Site "Samara"]
[Date "2010.07.26"]
[Round "4"]
[White "Kamensky, Vladimir"]
[Black "Zhuzhukin, Nikita"]
[Result "1/2-1/2"]
[WhiteElo "1759"]
[BlackElo "2010"]
[PlyCount "91"]
[EventDate "2010.07.23"]
[EventType "swiss"]
[EventRounds "9"]
[EventCountry "RUS"]
[SourceTitle "EXT 2011"]
[Source "ChessBase"]
[SourceDate "2010.11.26"]
[SourceVersion "1"]
[SourceVersionDate "2010.11.26"]
[SourceQuality "1"]

1. d4 e6 2. c4 f5 3. Nf3 Nf6 4. g3 d5 5. Nc3 c6 6. cxd5 exd5 7. Bg2 Bd6 8. Bg5 h6 9. Bxf6 Qxf6 10. e3 0-0 11. 0-0 Nd7 12. Rb1 Qe7 13. a3 Nf6 14. b4 Ne4 15. Qc2 Bd7 16. Rfd1 g5 17. b5 g4 18. Nxe4 fxe4 19. Ne5 Bxe5 20. dxe5 Qxe5 21. Bxe4 Rf7 22. bxc6 bxc6 23. Bg2 Rc8 24. Qc5 Be6 25. e4 Qf6 26. exd5 cxd5 27. Qd4 Qxd4 28. Rxd4 Rc5 29. Re1 Re7 30. f3 gxf3 31. Bxf3 Kf8 32. Red1 Rd7 33. Bg4 Bxg4 34. Rxg4 Ke7 35. Rg7+ Kd8 36. Rxd7+ Kxd7 37. Kf2 Kd6 38. Ke3 Rc4 39. Rd4 Rc3+ 40. Rd3 Rc1 41. g4 Kc5 42. Rb3 Kc4 43. Rb8 Rc3+ 44. Kf4 Rxa3 45. Rc8+ Kd3 46. Rc6 1/2-1/2

[Event "Samara op"]
[Site "Samara"]
[Date "2010.07.24"]
[Round "2"]
[White "Zhuzhukin, Nikita"]
[Black "Borisenko, Andrei"]
[Result "0-1"]
[WhiteElo "2010"]
[BlackElo "2420"]
[PlyCount "98"]
[EventDate "2010.07.23"]
[EventType "swiss"]
[EventRounds "9"]
[EventCountry "RUS"]
[SourceTitle "EXT 2011"]
[Source "ChessBase"]
[SourceDate "2010.11.26"]
[SourceVersion "1"]
[SourceVersionDate "2010.11.26"]
[SourceQuality "1"]

1. c4 e5 2. Nc3 Nc6 3. g3 f5 4. Bg2 Nf6 5. d3 Bc5 6. h3 0-0 7. Bg5 h6 8. Bxf6 Qxf6 9. Nd5 Qd8 10. e3 d6 11. Ne2 a6 12. 0-0 Rb8 13. Rb1 Ba7 14. Qc2 Ne7 15. b4 Nxd5 16. cxd5 Rf7 17. Rfc1 g5 18. Qd2 f4 19. Nc3 Qf6 20. Ne4 Qg6 21. Rb2 b5 22. Rbc2 Bb6 23. Qe2 Bd7 24. Bf3 Bxh3 25. Bh5 Qg7 26. g4 f3 27. Qd1 Rff8 28. Kh2 Bg2 29. Ng3 Kh7 30. Nf5 Qd7 31. e4 Ra8 32. Qd2 a5 33. Rb1 axb4 34. Qxb4 Bc5 35. Qd2 b4 36. d4 exd4 37. Nxd4 Qg7 38. Nc6 Ra6 39. Kg1 Rxc6 40. dxc6 Qe5 41. Rxc5 Qxc5 42. Rc1 Qb5 43. Qc2 Qe5 44. Qc4 Rf4 45. Re1 Bh3 46. Kh1 Kg7 47. Re3 Qa1+ 48. Kh2 Bg2 49. Kg3 Qh1 0-1

[Event "Samara-ch"]
[Site "Samara"]
[Date "2010.04.26"]
[Round "6"]
[White "Natacheev, Peter"]
[Black "Zhuzhukin, Nikita"]
[Result "1-0"]
[WhiteElo "2213"]
[BlackElo "2010"]
[PlyCount "141"]
[EventDate "2010.04.21"]
[EventType "swiss"]
[EventRounds "9"]
[EventCountry "RUS"]
[SourceTitle "EXT 2012"]
[Source "ChessBase"]
[SourceDate "2011.11.24"]
[SourceVersion "1"]
[SourceVersionDate "2011.11.24"]
[SourceQuality "1"]

1. e4 e6 2. d3 d5 3. Nd2 Nf6 4. g3 c5 5. Bg2 Nc6 6. f4 Be7 7. Ngf3 b6 8. 0-0 dxe4 9. dxe4 Qc7 10. Re1 Bb7 11. e5 Nd5 12. a3 Qd7 13. c4 Nc7 14. Ne4 0-0-0 15. Qe2 h6 16. Bd2 Kb8 17. Bc3 Qd3 18. Qxd3 Rxd3 19. Rad1 Rhd8 20. Rxd3 Rxd3 21. Kf2 Ne8 22. Re3 Rd8 23. Ne1 Kc7 24. Nc2 a5 25. a4 Ba6 26. Na3 Nb4 27. Bf1 Nc6 28. Nb5+ Bxb5 29. axb5 Nb4 30. Ke2 g6 31. Bh3 Ng7 32. g4 h5 33. Nd6 Rf8 34. f5 Bg5 35. Re4 h4 36. Bd2 Bxd2 37. Kxd2 g5 38. Re3 Ne8 39. Ne4 Rg8 40. Rf3 Rg7 41. Kc3 Na2+ 42. Kc2 Nb4+ 43. Kb3 Kd7 44. Rf2 Kc7 45. Bf1 Kd7 46. h3 Kc7 47. Be2 Kd7 48. Bf3 Kc7 49. Rd2 Rg8 50. Rd1 Rg7 51. f6 Rg8 52. Nc3 Rf8 53. Be4 Rh8 54. Na4 Rf8 55. Rd2 Rh8 56. Nxb6 Kxb6 57. Rd7 Nc7 58. Rd6+ Ka7 59. b6+ Kb8 60. Rd7 Nca6 61. Ra7 Kc8 62. Bb7+ Kd7 63. Bxa6+ Kc6 64. Bb5+ Kxb6 65. Rxf7 Nd3 66. Re7 Nf4 67. f7 Rf8 68. Be8 Rh8 69. Bd7 Rf8 70. Bxe6 Ng6 71. Re8 1-0

[Event "Samara-chB"]
[Site "Samara"]
[Date "2009.12.13"]
[Round "8"]
[White "Zhuzhukin, Nikita"]
[Black "Kasovsky, Vyacheslav"]
[Result "1/2-1/2"]
[WhiteElo "2032"]
[BlackElo "1636"]
[PlyCount "63"]
[EventDate "2009.12.06"]
[EventType "swiss"]
[EventRounds "9"]
[EventCountry "RUS"]
[SourceTitle "EXT 2012"]
[Source "ChessBase"]
[SourceDate "2011.11.24"]
[SourceVersion "1"]
[SourceVersionDate "2011.11.24"]
[SourceQuality "1"]

1. d4 e6 2. Nf3 d5 3. e3 Bd6 4. Bd3 Nd7 5. b3 f5 6. Bb2 Qf6 7. 0-0 g5 8. c4 g4 9. Nfd2 c6 10. Nc3 h5 11. Qc2 Nh6 12. Ne2 h4 13. g3 hxg3 14. hxg3 Nf7 15. Kg2 Ng5 16. Rh1 Nh3 17. Nf4 Bxf4 18. exf4 Nf8 19. Rae1 Kf7 20. f3 Qg7 21. Qc1 Rg8 22. Nf1 Ng6 23. Rxh3 gxh3+ 24. Kh2 Bd7 25. Qe3 Rh8 26. Qf2 Rag8 27. Ba3 Qh6 28. Qe3 Re8 29. Bd6 Rhg8 30. Qd2 Qg7 31. Qf2 Qh6 32. Qe3 1/2-1/2

[Event "Uljanovsk op"]
[Site "Uljanovsk"]
[Date "2009.08.29"]
[Round "8"]
[White "Shamshetdinov, Rjastam"]
[Black "Zhuzhukin, Nikita"]
[Result "0-1"]
[WhiteElo "2107"]
[BlackElo "1999"]
[PlyCount "58"]
[EventDate "2009.08.26"]
[EventType "swiss"]
[EventRounds "9"]
[EventCountry "RUS"]
[SourceTitle "CBM 132 Extra"]
[Source "ChessBase"]
[SourceDate "2009.11.03"]
[SourceVersion "1"]
[SourceVersionDate "2009.11.03"]
[SourceQuality "1"]

1. e4 e6 2. d4 d5 3. Nc3 Nf6 4. Bg5 Be7 5. e5 Nfd7 6. h4 Bxg5 7. hxg5 Qxg5 8. Nh3 Qe7 9. Nf4 c6 10. Qg4 g6 11. Rh6 Kd8 12. 0-0-0 b6 13. Bd3 Nf8 14. g3 Ba6 15. Nh3 Bxd3 16. Rxd3 Nbd7 17. Rf3 f5 18. exf6 Nxf6 19. Qf4 N8d7 20. Ng5 Rf8 21. Qd2 e5 22. dxe5 Nxe5 23. Rxf6 Qxf6 24. Nxd5 Qd6 25. Nxh7 Rf5 26. Nhf6 cxd5 27. Rh8+ Kc7 28. Nxd5+ Kb7 29. Rh7+ Rf7 0-1

[Event "Uljanovsk op"]
[Site "Uljanovsk"]
[Date "2009.08.29"]
[Round "7"]
[White "Zhuzhukin, Nikita"]
[Black "Mironov, Vitaly Viktorovich"]
[Result "1-0"]
[WhiteElo "1999"]
[BlackElo "2171"]
[PlyCount "96"]
[EventDate "2009.08.26"]
[EventType "swiss"]
[EventRounds "9"]
[EventCountry "RUS"]
[SourceTitle "CBM 132 Extra"]
[Source "ChessBase"]
[SourceDate "2009.11.03"]
[SourceVersion "1"]
[SourceVersionDate "2009.11.03"]
[SourceQuality "1"]

1. d4 d5 2. Nf3 Nf6 3. e3 Bg4 4. Be2 e6 5. 0-0 Bd6 6. b3 Nbd7 7. Bb2 0-0 8. Nbd2 c6 9. Ne5 Bxe2 10. Qxe2 Qc7 11. f4 Ne4 12. c4 Nxd2 13. Qxd2 f6 14. Nd3 b6 15. Rac1 dxc4 16. Rxc4 Rac8 17. Rfc1 Qb7 18. Qc2 c5 19. dxc5 Nxc5 20. Nxc5 Bxc5 21. Qc3 Qd5 22. Rc2 Qd1+ 23. Kf2 Rcd8 24. Re4 Rfe8 25. Qc4 Rd2+ 26. Rxd2 Qxd2+ 27. Qe2 Qxe2+ 28. Kxe2 Kf7 29. Rc4 Rd8 30. b4 Bd6 31. g3 Ke7 32. a4 Kd7 33. e4 Rc8 34. Kd3 Rxc4 35. Kxc4 a6 36. Bd4 Bc7 37. b5 a5 38. Be3 Kd6 39. f5 e5 40. Bc1 Kd7 41. Kd5 Bd6 42. Be3 Bc7 43. g4 h6 44. h3 Bd8 45. h4 Bc7 46. g5 hxg5 47. hxg5 Bd8 48. g6 Ke8 1-0

[Event "Uljanovsk Privolje op"]
[Site "Uljanovsk"]
[Date "2009.01.31"]
[Round "2"]
[White "Zhuzhukin, Nikita"]
[Black "Kudrin, Ivan"]
[Result "1-0"]
[WhiteElo "1984"]
[BlackElo "1890"]
[PlyCount "105"]
[EventDate "2009.01.31"]
[EventType "swiss"]
[EventRounds "9"]
[EventCountry "RUS"]
[SourceTitle "EXT 2022"]
[Source "ChessBase"]
[SourceDate "2021.10.06"]
[SourceVersion "1"]
[SourceVersionDate "2021.10.06"]
[SourceQuality "1"]

1. d4 Nf6 2. Nf3 d5 3. e3 e6 4. Bd3 c6 5. 0-0 Be7 6. Nbd2 Nbd7 7. b3 0-0 8. Bb2 h6 9. Ne5 Nxe5 10. dxe5 Nd7 11. f4 Qc7 12. Kh1 c5 13. c4 Nb6 14. Rc1 Rd8 15. Qe2 Bd7 16. e4 dxc4 17. Nxc4 Bc6 18. f5 Bg5 19. Rcd1 exf5 20. Rxf5 Bd7 21. Rff1 Be6 22. Nd6 Rd7 23. Bb5 Rdd8 24. Qf2 a6 25. Be2 Nc8 26. h4 Be7 27. Nxf7 Rf8 28. Bh5 Bxf7 29. Bxf7+ Kh8 30. Qf5 Nb6 31. Qg6 c4 32. Rc1 Nd7 33. Rxc4 Qa5 34. Qe6 Bxh4 35. Qxd7 Rad8 36. Qg4 Qxa2 37. Bc3 Bg5 38. e6 Qa3 39. Bb4 Qxb3 40. e5 Qd3 41. Rg1 Rc8 42. Rd4 Qe3 43. Bxf8 Rxf8 44. Rd7 Qxe5 45. Rxb7 Rd8 46. Rd7 Rb8 47. Rd3 a5 48. Qd4 Qf5 49. Rf3 Qc2 50. Qd3 Qc6 51. Rd1 Ra8 52. Qd5 Qc8 53. Qxg5 1-0

[Event "Samara"]
[Site "Samara"]
[Date "2008.12.11"]
[Round "7"]
[White "Zhuzhukin, Nikita"]
[Black "Sidorov, Anatoly"]
[Result "0-1"]
[WhiteElo "1993"]
[BlackElo "2442"]
[PlyCount "96"]
[EventDate "2008.12.05"]
[EventType "tourn"]
[EventRounds "9"]
[EventCountry "RUS"]
[EventCategory "2"]
[SourceTitle "CBM 127 Extra"]
[Source "ChessBase"]
[SourceDate "2009.01.08"]
[SourceVersion "2"]
[SourceVersionDate "2009.01.28"]
[SourceQuality "1"]

1. d4 Nf6 2. Nf3 e6 3. e3 b6 4. Bd3 Bb7 5. Nbd2 Be7 6. 0-0 c5 7. b3 d6 8. Bb2 0-0 9. c4 Nbd7 10. Ng5 g6 11. f4 cxd4 12. exd4 d5 13. Qe2 Ne8 14. Ndf3 Ng7 15. a3 Bd6 16. Nh3 Nf6 17. Ne5 Nd7 18. Rac1 Rc8 19. Qf2 dxc4 20. Bxc4 Nf6 21. Ng5 Ne4 22. Nxe4 Bxe4 23. Qe2 Bb7 24. Bb5 Qe7 25. a4 Ba3 26. Qd2 Bxb2 27. Qxb2 Qd6 28. Rfd1 f6 29. Nd3 Rcd8 30. Bc4 Nf5 31. Re1 Rfe8 32. Nf2 Kg7 33. Rcd1 Nxd4 34. Qc3 Qxf4 35. Qh3 e5 36. Nd3 Qg5 37. Qg3 Qxg3 38. hxg3 h5 39. Nf2 Rd6 40. Rc1 Re7 41. Rc3 Rc7 42. Nd3 a6 43. Rcc1 b5 44. axb5 axb5 45. Be6 Rxc1 46. Rxc1 Nxe6 47. Nc5 Nxc5 48. Rxc5 Bc6 0-1

[Event "Samara"]
[Site "Samara"]
[Date "2008.12.09"]
[Round "5"]
[White "Alavkin, Arseny Nailievich"]
[Black "Zhuzhukin, Nikita"]
[Result "1-0"]
[WhiteElo "2476"]
[BlackElo "1993"]
[PlyCount "75"]
[EventDate "2008.12.05"]
[EventType "tourn"]
[EventRounds "9"]
[EventCountry "RUS"]
[EventCategory "2"]
[SourceTitle "CBM 127 Extra"]
[Source "ChessBase"]
[SourceDate "2009.01.08"]
[SourceVersion "2"]
[SourceVersionDate "2009.01.28"]
[SourceQuality "1"]

1. e4 e6 2. d4 d5 3. Nc3 Nf6 4. Bg5 Be7 5. e5 Nfd7 6. Bxe7 Qxe7 7. f4 a6 8. Nf3 c5 9. Qd2 Nc6 10. g3 c4 11. f5 b5 12. Bh3 Nb6 13. f6 gxf6 14. exf6 Qxf6 15. 0-0 Qg7 16. Qf4 Bd7 17. Qc7 Nc8 18. Rae1 Ra7 19. Qf4 0-0 20. Ne5 Nxe5 21. dxe5 Ne7 22. Ne2 Rb7 23. Qe3 Nf5 24. Bxf5 exf5 25. Nf4 Be6 26. Nh5 Qg6 27. Nf6+ Kg7 28. Rf4 Rc8 29. Rd1 h6 30. Rdd4 b4 31. Kf2 b3 32. axb3 cxb3 33. c3 Rc4 34. h4 Kf8 35. h5 Qg7 36. Rxc4 dxc4 37. Qc5+ Re7 38. Qd6 1-0

[Event "Zhigulevskie prostory op"]
[Site "Samara"]
[Date "2008.08.02"]
[Round "9"]
[White "Alachihin, Vladimir"]
[Black "Zhuzhukin, Nikita"]
[Result "1-0"]
[WhiteElo "2134"]
[BlackElo "1983"]
[PlyCount "81"]
[EventDate "2008.07.25"]
[EventType "swiss"]
[EventRounds "9"]
[EventCountry "RUS"]
[SourceTitle "EXT 2022"]
[Source "ChessBase"]
[SourceDate "2021.10.06"]
[SourceVersion "1"]
[SourceVersionDate "2021.10.06"]
[SourceQuality "1"]

1. d4 e6 2. c4 f5 3. Nc3 Nf6 4. Nf3 d5 5. Bf4 c6 6. e3 Bd6 7. Bd3 0-0 8. Qc2 Qc7 9. Bxd6 Qxd6 10. h3 Ne4 11. g4 a6 12. c5 Qe7 13. 0-0-0 Nd7 14. Na4 Rb8 15. Kb1 b6 16. cxb6 Nxb6 17. Nxb6 Rxb6 18. Rc1 fxg4 19. Bxe4 gxf3 20. Bxh7+ Kh8 21. Bg6 e5 22. h4 Qf6 23. h5 Bf5 24. Bxf5 Qxf5 25. dxe5 Qxc2+ 26. Kxc2 Re8 27. Rcg1 Rxe5 28. h6 g5 29. Rh5 d4 30. Rhxg5 Rxg5 31. Rxg5 d3+ 32. Kc3 d2 33. Rg1 Kh7 34. b3 c5 35. Kxd2 c4 36. Kc3 cxb3 37. axb3 Kxh6 38. Rg3 Rc6+ 39. Kd4 Rf6 40. e4 Kh5 41. e5 1-0

[Event "Zhigulevskie prostory op"]
[Site "Samara"]
[Date "2008.08.01"]
[Round "8"]
[White "Zhuzhukin, Nikita"]
[Black "Strokov, Anatoli"]
[Result "1/2-1/2"]
[WhiteElo "1983"]
[BlackElo "2165"]
[PlyCount "58"]
[EventDate "2008.07.25"]
[EventType "swiss"]
[EventRounds "9"]
[EventCountry "RUS"]
[SourceTitle "EXT 2022"]
[Source "ChessBase"]
[SourceDate "2021.10.06"]
[SourceVersion "1"]
[SourceVersionDate "2021.10.06"]
[SourceQuality "1"]

1. d4 Nf6 2. Nf3 g6 3. c4 d6 4. h3 Bg7 5. Nc3 Nbd7 6. Bf4 0-0 7. e3 Re8 8. Be2 b6 9. 0-0 Bb7 10. Bh2 a6 11. b4 e5 12. dxe5 dxe5 13. Qb3 Ne4 14. Nxe4 Bxe4 15. Rad1 Qe7 16. Rd2 Bc6 17. Rfd1 a5 18. b5 Nc5 19. Qc2 Bb7 20. Ne1 Rab8 21. Bf3 e4 22. Be2 Rbd8 23. Rxd8 Rxd8 24. Rxd8+ Qxd8 25. Qd1 Qe7 26. Nc2 Na4 27. Nd4 Nc5 28. Nc2 Na4 29. Nd4 Nc5 1/2-1/2

[Event "Zhigulevskie prostory op"]
[Site "Samara"]
[Date "2008.07.30"]
[Round "6"]
[White "Zhuzhukin, Nikita"]
[Black "Sorochan, Dmitry Vladimirovic"]
[Result "1-0"]
[WhiteElo "1983"]
[BlackElo "2098"]
[PlyCount "105"]
[EventDate "2008.07.25"]
[EventType "swiss"]
[EventRounds "9"]
[EventCountry "RUS"]
[SourceTitle "EXT 2022"]
[Source "ChessBase"]
[SourceDate "2021.10.06"]
[SourceVersion "1"]
[SourceVersionDate "2021.10.06"]
[SourceQuality "1"]

1. d4 Nf6 2. Nf3 g6 3. e3 Bg7 4. Bd3 0-0 5. 0-0 d6 6. Nbd2 b6 7. b3 Bb7 8. Bb2 Nbd7 9. c4 Re8 10. Rc1 e5 11. Be2 a5 12. Nb1 Ne4 13. Nc3 Ng5 14. d5 Nxf3+ 15. Bxf3 Nc5 16. Ne4 Bc8 17. Nxc5 bxc5 18. Qd2 Qg5 19. Kh1 Bg4 20. Bxg4 Qxg4 21. h3 Qh4 22. Bc3 a4 23. b4 cxb4 24. Bxb4 g5 25. Qe2 h5 26. f3 e4 27. Be1 exf3 28. Qxf3 Qe4 29. Qxf7+ Kh7 30. Qf5+ Kg8 31. Qxg5 Qxe3 32. Qxe3 Rxe3 33. Rc2 Rae8 34. Ba5 R8e7 35. Rb1 Be5 36. Rf1 Bg3 37. Rc3 Rxc3 38. Bxc3 Re2 39. Rf3 Be5 40. Bxe5 dxe5 41. Ra3 e4 42. Rxa4 Re1+ 43. Kh2 Kg7 44. Ra7 Kf6 45. Rxc7 e3 46. Rc6+ Kf5 47. Kg3 Ke4 48. Re6+ Kd3 49. d6 Kd2 50. c5 Rc1 51. d7 Rc3 52. d8Q+ Ke1 53. Qd4 1-0

[Event "Uljanovsk op"]
[Site "Uljanovsk"]
[Date "2008.02.05"]
[Round "8"]
[White "Borisov, Grigori"]
[Black "Zhuzhukin, Nikita"]
[Result "1/2-1/2"]
[WhiteElo "1781"]
[BlackElo "1978"]
[PlyCount "90"]
[EventDate "2008.02.01"]
[EventType "swiss"]
[EventRounds "9"]
[EventCountry "RUS"]
[SourceTitle "EXT 2009"]
[Source "ChessBase"]
[SourceDate "2008.11.26"]
[SourceVersion "1"]
[SourceVersionDate "2008.11.26"]
[SourceQuality "1"]

1. e4 e6 2. d3 d5 3. Nd2 Nf6 4. g3 c5 5. Bg2 Nc6 6. Ngf3 Be7 7. 0-0 0-0 8. e5 Nd7 9. Re1 Qc7 10. Qe2 b6 11. Nf1 Ba6 12. Bf4 Rfd8 13. Ne3 Nf8 14. Ng4 Rac8 15. h4 c4 16. d4 Nb4 17. c3 Nd3 18. Rf1 Nxf4 19. gxf4 Ng6 20. Qe3 Bxh4 21. Bh3 Qe7 22. Ngh2 Rc6 23. Kh1 b5 24. a3 Bc8 25. Rg1 a5 26. Rg4 Kh8 27. Rag1 Rg8 28. Nxh4 Nxh4 29. Rg5 Nf5 30. Bxf5 exf5 31. Qh3 h6 32. Rh5 Rg6 33. Nf3 Rxg1+ 34. Kxg1 Qe6 35. Nh4 Qb6 36. Qh2 Re8 37. Qg3 b4 38. axb4 axb4 39. Nxf5 Bxf5 40. Rxf5 Kg8 41. Rh5 bxc3 42. bxc3 Qg6 43. Rh3 Qxg3+ 44. fxg3 Rb8 45. g4 Rb2 1/2-1/2